<?xml version="1.0" encoding="UTF-8"?>
<record
    xmlns:xsi="http://www.w3.org/2001/XMLSchema-instance"
    xsi:schemaLocation="http://www.loc.gov/MARC21/slim http://www.loc.gov/standards/marcxml/schema/MARC21slim.xsd"
    xmlns="http://www.loc.gov/MARC21/slim">

  <leader>02446    a2200241   4500</leader>
  <controlfield tag="001">45957</controlfield>
  <controlfield tag="005">20260407155732.0</controlfield>
  <controlfield tag="008">260407a2007    arg                 spa d</controlfield>
  <controlfield tag="003">AR-UNSa-BCEJYS</controlfield>
  <datafield tag="040" ind1=" " ind2=" ">
    <subfield code="a">AR-UNSa-BCEJYS</subfield>
    <subfield code="b">spa</subfield>
    <subfield code="c">AR-UNSa-BCEJYS</subfield>
  </datafield>
  <datafield tag="080" ind1=" " ind2=" ">
    <subfield code="a">330.34</subfield>
    <subfield code="x">Desarrollo Econ&#xF3;mico</subfield>
  </datafield>
  <datafield tag="245" ind1="1" ind2="0">
    <subfield code="a">Visiones del desarrollo en Am&#xE9;rica Latina</subfield>
  </datafield>
  <datafield tag="020" ind1=" " ind2=" ">
    <subfield code="a">978-84-87072-82-6</subfield>
  </datafield>
  <datafield tag="264" ind1=" " ind2="1">
    <subfield code="a">Santiago de Chile :</subfield>
    <subfield code="b">CEPAL (Comisi&#xF3;n Econ&#xF3;mica para Am&#xE9;rica Latina y el Caribe)</subfield>
    <subfield code="c">2007</subfield>
  </datafield>
  <datafield tag="300" ind1=" " ind2=" ">
    <subfield code="a">556 p.</subfield>
    <subfield code="c">23 cm.</subfield>
  </datafield>
  <datafield tag="505" ind1=" " ind2=" ">
    <subfield code="a">1. Crecimiento lento en Am&#xE9;rica Latina: &#xBF;resultados comunes, causas comunes? / Ricardo Hausmann y Andr&#xE9;s Velasco &#x2013; 2. Instituciones democr&#xE1;ticas, procesos de formulaci&#xF3;n  de pol&#xED;ticas y calidad de las pol&#xED;ticas en Am&#xE9;rica Latina / Ernesto Stein y Mariano Tommasi &#x2013; 3. Instituciones pol&#xED;ticas y desarrollo econ&#xF3;mico en las Am&#xE9;ricas: el largo plazo / Adam Przeworski y Carolina Curvale &#x2013; 4. Reducci&#xF3;n de la pobreza y la desigualdad en Am&#xE9;rica Latina y el Caribe: promesas y retos para las pol&#xED;ticas p&#xFA;blicas / Jaime Saavedra y Omar S. Arias &#x2013; 5. Am&#xE9;rica Latina: la desigualdad y su disfuncionalidad / Nora Lustig &#x2013; 6. Lareforma de las instituciones fiscales en Am&#xE9;rica Latina / Eduardo Lora y Mauricio C&#xE1;rdenas &#x2013; 7. Estrategias reformistas: experiencias y lecciones / Eliana Cardoso &#x2013; 8. Disciplina y comportamiento c&#xED;clico de las pol&#xED;ticas macroecon&#xF3;micas / Mario I Blejer &#x2013; 9. &#xBF;Un nuevo paradigma de disciplina macroecon&#xF3;mica en Am&#xE9;rica Latina? / Mart&#xED;n P. Redrado &#x2013; 10. Inserci&#xF3;n internacional y pol&#xED;ticas de desarrollo productivo / Jos&#xE9; Luis Machinea y Cecilia Vera &#x2013; 11. El sector financiero en Am&#xE9;rica Latina: ha llegado la hora de consolidar el marco institucional / Agust&#xED;n G. Carstens y Mois&#xE9;s J. Schwarz &#x2013; 12. El desarrollo econ&#xF3;mico en Am&#xE9;rica Latina: grandes problemas emergentes, respuestas pol&#xED;ticas limitadas / Augusto de la Torre, Juan Carlos Gozzi y Sergio L. Schmukler &#x2013; 13. Pol&#xED;ticas cambiarias en Am&#xE9;rica Latina: modas, tendencias y decepciones / Sebasti&#xE1;n Edwards &#x2013; 14. Reg&#xED;menes cambiarios en el per&#xED;odo 2000-2005: una perspectiva latinoamericana / Eduardo Levy Yeyati - </subfield>
  </datafield>
  <datafield tag="041" ind1=" " ind2=" ">
    <subfield code="a">spa</subfield>
  </datafield>
  <datafield tag="942" ind1=" " ind2=" ">
    <subfield code="c">BK</subfield>
  </datafield>
  <datafield tag="590" ind1=" " ind2=" ">
    <subfield code="a">niveau_biblio:m niveau_hierar:0</subfield>
  </datafield>
  <datafield tag="100" ind1="1" ind2=" ">
    <subfield code="a">Serra, Narc&#xED;s</subfield>
  </datafield>
  <datafield tag="700" ind1="1" ind2=" ">
    <subfield code="a">Machinea, Jos&#xE9; Luis</subfield>
  </datafield>
  <datafield tag="856" ind1="4" ind2="1">
    <subfield code="u">https://www.biblioeco.unsa.edu.ar/pmb/images/libros/L127246.jpg</subfield>
    <subfield code="y">Imagen de portada</subfield>
    <subfield code="q">image/jpeg</subfield>
  </datafield>
  <datafield tag="999" ind1=" " ind2=" ">
    <subfield code="c">4086</subfield>
    <subfield code="d">4086</subfield>
  </datafield>
  <datafield tag="952" ind1=" " ind2=" ">
    <subfield code="0">0</subfield>
    <subfield code="1">0</subfield>
    <subfield code="4">0</subfield>
    <subfield code="7">0</subfield>
    <subfield code="a">BCEJYS</subfield>
    <subfield code="b">BCEJYS</subfield>
    <subfield code="c">16</subfield>
    <subfield code="d">2026-04-07</subfield>
    <subfield code="l">0</subfield>
    <subfield code="o">330.34 M149</subfield>
    <subfield code="p">L127246</subfield>
    <subfield code="r">2026-04-07 15:57:32</subfield>
    <subfield code="w">2026-04-07</subfield>
    <subfield code="y">L</subfield>
  </datafield>
</record>
